Change encounters : probability in education
Αποθηκεύτηκε σε:
| Άλλοι συγγραφείς: | , |
|---|---|
| Μορφή: | Βιβλίο |
| Γλώσσα: | English |
| Δημοσίευση: |
Dordrecht :
Kluwer Academic Publishers,
1991
|
| Σειρά: | Mathematics education library ;
; 12 |
| Θέματα: | |
| Ετικέτες: |
Προσθήκη ετικέτας
Δεν υπάρχουν, Καταχωρήστε ετικέτα πρώτοι!
|
MARC
| LEADER | 00000nam a2200000 i 4500 | ||
|---|---|---|---|
| 001 | 1/18410 | ||
| 008 | 010314s1991 eng d | ||
| 020 | |a 0792314743 | ||
| 035 | |l 10066483 | ||
| 040 | |a GR-MY-UA |b gre |e aacr | ||
| 041 | 0 | |a eng | |
| 082 | 0 | |a 519.2071 | |
| 245 | 1 | 0 | |a Change encounters : |b probability in education / |c edited by Ramesh Kapadia, Manfred Borovcnik |
| 260 | |a Dordrecht : |b Kluwer Academic Publishers, |c 1991 | ||
| 300 | |a 265 p. | ||
| 490 | 1 | |a Mathematics education library |v ; 12 | |
| 650 | 0 | 0 | |a Probabilities |x Study and teaching. |
| 700 | 0 | |a Kapadia, Ramesh. |4 edt | |
| 700 | 1 | |a Borovcnik, Manfred |d 1953- |4 edt | |
| 830 | 0 | |a Mathematics education library ; |v ; 12 | |
| 852 | |a INST |b RHODES |e 20010314 |h 519.2071 CHA |p 005400017201 |q 005400017201 |t BK |y 0 | ||
| 901 | |a BIBL4-2001-1 | ||
| 909 | |a Ρ |b 086770 | ||
| 922 | |a 4ΕΛΗ |b 200102 |c ΚΠΣ/Ν |d GLORY BOOKS | ||
| 950 | |a 096-2000-09-18 | ||
| 970 | |a ΚΟΥΛΑΚΙΟΤΗ |b ΛΙΤΣΑ |z 2001/03/15 | ||